Intracanal placement of calcium hydroxide in permanent teeth with simulated immature apices /
Saved in:
| Main Author: | |
|---|---|
| Format: | Thesis Book |
| Language: | English |
| Published: |
2007.
|
| Subjects: | |
| Online Access: | http://studentsrepo.um.edu.my/id/eprint/3206 |
| Tags: |
Add Tag
No Tags, Be the first to tag this record!
|
| LEADER | 01098cam a2200289 a 4500 | ||
|---|---|---|---|
| 001 | u757619 | ||
| 003 | SIRSI | ||
| 005 | 200807161031 | ||
| 008 | 080716s2007 my a m 000 0 eng | ||
| 040 | |a UMG | ||
| 096 | |a WU100 |b UM 2007 Jamms | ||
| 100 | 0 | |a Jama'iah Mohd Sharif | |
| 245 | 1 | 0 | |a Intracanal placement of calcium hydroxide in permanent teeth with simulated immature apices / |c Jama'iah Mohd Sharif. |
| 260 | |c 2007. | ||
| 300 | |a xvi, 164 leaves : |b ill. (some col.) ; |c 30 cm. | ||
| 500 | |a Research report. | ||
| 502 | |a Dissertation (M.Clin.Dent) -- Jabatan Pergigian Kanak-kanak & Ortodontik, Fakulti Pergigian, Universiti Malaya, 2007. | ||
| 504 | |a Bibliography: leaves 130-143. | ||
| 530 | |a Issued also in CD. | ||
| 650 | 1 | 2 | |a Calcium Hydroxide |
| 650 | 1 | 2 | |a Dental Caries |x epidemiology. |
| 650 | 2 | |a Root Canal Therapy | |
| 710 | 2 | |a Universiti Malaya. |b Jabatan Pergigian Kanak-Kanak dan Ortodontik | |
| 856 | 4 | 1 | |u http://studentsrepo.um.edu.my/id/eprint/3206 |
| 900 | |a HA | ||
| 596 | |a 10 | ||
| 999 | |a WU100 UM 2007 JAMMS |w NLM |c 1 |i A503687014 |l STACKS |m P10PERGIGI |r Y |s Y |t TESIS |u 5/8/2009 | ||
